[Event "COL-chT"]
[Site "Risaralda"]
[Date "2023.11.21"]
[Round "5.2"]
[White "Negron Arias, Juan Carlos"]
[Black "Ojeda Mujica, Gelmer Geovany"]
[Result "0-1"]
[WhiteElo "1897"]
[BlackElo "1911"]
[PlyCount "143"]
[EventDate "2023.11.19"]
[EventType "team-swiss"]
[EventRounds "7"]
[EventCountry "COL"]
[SourceTitle "CB49_2023"]
[SourceDate "2023.12.06"]
[SourceVersion "1"]
[SourceVersionDate "2023.12.06"]
[SourceQuality "1"]
[WhiteTeam "Norte de Santander"]
[BlackTeam "Arauca"]
[WhiteTeamCountry "COL"]
[BlackTeamCountry "COL"]

1. d4 d5 2. c4 c6 3. Nc3 Nf6 4. Nf3 dxc4 5. a4 Bf5 6. e3 e6 7. Bxc4 Bb4 8. 0-0 0-0 9. Qb3 a5 10. Na2 Qe7 11. Nxb4 axb4 12. Bd2 c5 13. dxc5 Nc6 14. Rfc1 Qxc5 15. Bb5 Qd5 16. Qxd5 Nxd5 17. Bxc6 bxc6 18. Nd4 Bg6 19. Nxc6 b3 20. Nd4 Rfb8 21. Ra3 Rc8 22. Rxc8+ Rxc8 23. Rxb3 h6 24. h3 e5 25. Nb5 Rb8 26. Ra3 Nb6 27. b3 Rd8 28. Ra2 Rd3 29. Nc3 f6 30. a5 Na8 31. b4 Nc7 32. b5 Be8 33. b6 Na6 34. Kf1 Bc6 35. Ke2 Rd7 36. f3 f5 37. Rb2 Bb7 38. Na4 Kf7 39. Rc2 Ke6 40. Be1 g5 41. g4 fxg4 42. hxg4 Rf7 43. e4 Rd7 44. Bc3 h5 45. gxh5 Rh7 46. Ke3 Rxh5 47. Rg2 Bc6 48. Nb2 Nc5 49. Nc4 Bxe4 50. Nxe5 Bb7 51. Nc4 Rh3 52. Nd2 Kf5 53. Bb4 Ne6 54. Bd6 Rh4 55. Nb3 Rc4 56. Rd2 Nf4 57. Nd4+ Kf6 58. Bxf4 gxf4+ 59. Kxf4 Ra4 60. Ke3 Rxa5 61. Rb2 Ke5 62. f4+ Kd5 63. Rb3 Ra4 64. f5 Kd6 65. f6 Ra1 66. Kf2 Rd1 67. Rb4 Kd7 68. Ke2 Rh1 69. f7 Ke7 70. Nb5 Rh6 71. Rf4 Kf8 72. Rd4 0-1

[Event "Velez Rapid op 10th"]
[Site "Velez Santander"]
[Date "2023.11.06"]
[Round "7"]
[White "Fontecha Pastrana, Laura Sofia"]
[Black "Negron Arias, Juan Carlos"]
[Result "0-1"]
[WhiteElo "1216"]
[BlackElo "1897"]
[PlyCount "80"]
[EventDate "2023.11.06"]
[EventType "swiss (rapid)"]
[EventRounds "10"]
[EventCountry "COL"]
[SourceTitle "Mega2024 Update 01"]
[Source "Chessbase"]
[SourceDate "2023.11.12"]
[SourceVersion "1"]
[SourceVersionDate "2023.11.12"]
[SourceQuality "1"]

1. d4 d5 2. Bf4 c5 3. e3 Nc6 4. c3 cxd4 5. exd4 g6 6. Nd2 Bg7 7. Ngf3 Nh6 8. h3 0-0 9. Bd3 f6 10. 0-0 Nf7 11. Re1 e5 12. dxe5 fxe5 13. Bh2 e4 14. Nxe4 dxe4 15. Rxe4 Bf5 16. Re3 Bh6 17. Bxf5 Qxd1+ 18. Rxd1 Bxe3 19. Be6 Bh6 20. Kh1 Rad8 21. Re1 Rfe8 22. Bc7 Ra8 23. Bxf7+ Kxf7 24. Rd1 Re7 25. Bh2 Rd8 26. Rb1 Re2 27. a3 Rxf2 28. b4 b5 29. Bg1 Rxf3 30. gxf3 Rd3 31. Bc5 Rxc3 32. Kg2 a6 33. Ra1 Be3 34. Bd6 Ke6 35. Bh2 Ne5 36. f4 Rc2+ 37. Kh1 Nf3 38. Bg3 Bf2 39. Kg2 Bd4+ 40. Kxf3 Bxa1 0-1

[Event "Velez op 10th"]
[Site "Velez Santander"]
[Date "2023.11.05"]
[Round "10"]
[White "Sequeda Mendoza, Nancy Stella"]
[Black "Negron Arias, Juan Carlos"]
[Result "1/2-1/2"]
[WhiteElo "1959"]
[BlackElo "1897"]
[PlyCount "129"]
[EventDate "2023.11.01"]
[EventType "swiss"]
[EventRounds "10"]
[EventCountry "COL"]
[SourceTitle "Mega2024 Update 01"]
[Source "Chessbase"]
[SourceDate "2023.11.12"]
[SourceVersion "1"]
[SourceVersionDate "2023.11.12"]
[SourceQuality "1"]

1. e4 c5 2. Nf3 g6 3. d4 cxd4 4. Qxd4 Nf6 5. Nc3 Nc6 6. Qa4 Bg7 7. e5 Ng8 8. Bf4 Nh6 9. Bb5 0-0 10. 0-0 Ng4 11. Rfe1 f6 12. Rad1 Ncxe5 13. Nxe5 fxe5 14. Bg3 d6 15. h3 Nh6 16. Bxe5 Bxe5 17. Rxe5 Qb6 18. Re2 e6 19. Ne4 a6 20. Bd7 Nf5 21. Bxc8 Raxc8 22. Qb3 Qxb3 23. axb3 Rc6 24. g4 Nh4 25. Rxd6 Rfc8 26. c3 h6 27. Nf6+ Kf7 28. Ne4 Ke7 29. Rxc6 Rxc6 30. Nd2 g5 31. Nc4 Rc5 32. Kf1 Ng6 33. Re3 Nf4 34. Nd2 Ra5 35. Kg1 Ra2 36. Nc4 b5 37. Ne5 Rxb2 38. c4 Rb1+ 39. Kh2 Rf1 40. Nd3 Nxd3 41. Rxd3 bxc4 42. bxc4 Rxf2+ 43. Kg3 Rc2 44. Ra3 Rxc4 45. Rxa6 Rc3+ 46. Kg2 Kf6 47. Ra5 Rc4 48. Ra8 Rf4 49. Rh8 Kg7 50. Re8 Rf6 51. Re7+ Kf8 52. Rb7 Rf7 53. Rb5 Kg7 54. Rb8 Kg6 55. Re8 Rf6 56. Re7 h5 57. Kg3 Kh6 58. Kg2 h4 59. Kg1 Kg6 60. Kg2 Kh6 61. Kg1 Rf3 62. Rxe6+ Kg7 63. Kg2 Rg3+ 64. Kh2 Kf7 65. Rb6 1/2-1/2

[Event "Medellin de La Raza op"]
[Site "Medellin"]
[Date "2023.10.13"]
[Round "4"]
[White "Negron Arias, Juan Carlos"]
[Black "Chirivi Castiblanco, Jenny Astrid"]
[Result "1-0"]
[WhiteElo "1895"]
[BlackElo "2173"]
[PlyCount "30"]
[EventDate "2023.10.12"]
[EventType "swiss"]
[EventRounds "10"]
[EventCountry "COL"]
[SourceTitle "Mega2024 Update 01"]
[Source "Chessbase"]
[SourceDate "2023.11.12"]
[SourceVersion "1"]
[SourceVersionDate "2023.11.12"]
[SourceQuality "1"]

1. d4 Nf6 2. c4 e6 3. Nf3 Bb4+ 4. Bd2 Qe7 5. a3 Bxd2+ 6. Qxd2 d6 7. Nc3 e5 8. dxe5 dxe5 9. Qg5 e4 10. Nd2 e3 11. Qxe3 Qxe3 12. fxe3 c6 13. Nde4 Ng4 14. Nd6+ Ke7 15. Nxc8+ Rxc8 1-0

[Event "Medellin de La Raza op"]
[Site "Medellin"]
[Date "2023.10.12"]
[Round "1"]
[White "Garavito, Miguel Angel"]
[Black "Negron Arias, Juan Carlos"]
[Result "1/2-1/2"]
[WhiteElo "2280"]
[BlackElo "1895"]
[PlyCount "68"]
[EventDate "2023.10.12"]
[EventType "swiss"]
[EventRounds "10"]
[EventCountry "COL"]
[SourceTitle "Mega2024 Update 01"]
[Source "Chessbase"]
[SourceDate "2023.11.12"]
[SourceVersion "1"]
[SourceVersionDate "2023.11.12"]
[SourceQuality "1"]

1. Nf3 d5 2. d4 e6 3. c4 h6 4. Nc3 Nf6 5. g3 c6 6. Bg2 Bd6 7. 0-0 Nbd7 8. Nd2 0-0 9. e4 dxe4 10. Ndxe4 Bc7 11. f4 Nxe4 12. Nxe4 Nf6 13. Nc3 Bb6 14. Be3 e5 15. c5 Ng4 16. Bf2 Nxf2 17. Rxf2 exd4 18. Ne4 Ba5 19. a3 Re8 20. b4 Bc7 21. Rd2 Bf5 22. Rxd4 Qe7 23. Ra2 Rad8 24. Rad2 Bxe4 25. Bxe4 Rxd4 26. Rxd4 Rd8 27. Rxd8+ Bxd8 28. Qd4 g6 29. Kg2 Qf6 30. Qd7 Qb2+ 31. Kh3 Bf6 32. Qxb7 Qe2 33. Qxc6 Qh5+ 34. Kg2 Qe2+ 1/2-1/2

[Event "Bucaramanga op"]
[Site "Bucaramanga"]
[Date "2023.09.08"]
[Round "6"]
[White "Negron Arias, Juan Carlos"]
[Black "Hernandez Guarin, Samuel Andres"]
[Result "1/2-1/2"]
[WhiteElo "1872"]
[BlackElo "1558"]
[PlyCount "20"]
[EventDate "2023.09.06"]
[EventType "swiss"]
[EventRounds "9"]
[EventCountry "COL"]
[SourceTitle "EXT 2024"]
[Source "ChessBase"]
[SourceDate "2023.10.10"]
[SourceVersion "1"]
[SourceVersionDate "2023.10.10"]
[SourceQuality "1"]

1. d4 g6 2. c4 Bg7 3. Nc3 Nf6 4. e4 d6 5. Nf3 0-0 6. Be2 c5 7. 0-0 cxd4 8. Nxd4 Nc6 9. Be3 Bd7 10. f3 Qb6 1/2-1/2

[Event "Sabaneta op-A 2nd"]
[Site "Sabaneta Antioquia"]
[Date "2023.06.30"]
[Round "4"]
[White "Negron Arias, Juan Carlos"]
[Black "Betancourt Giraldo, David Rogelio"]
[Result "0-1"]
[WhiteElo "1910"]
[BlackElo "2054"]
[PlyCount "36"]
[EventDate "2023.06.28"]
[EventType "swiss"]
[EventRounds "9"]
[EventCountry "COL"]
[SourceTitle "CBM 215 Extra"]
[Source "ChessBase"]
[SourceDate "2023.09.30"]
[SourceVersion "1"]
[SourceVersionDate "2023.09.30"]
[SourceQuality "1"]

1. d4 Nf6 2. c4 g6 3. Nc3 d6 4. Nf3 Bg7 5. e4 0-0 6. Be2 c5 7. d5 e6 8. dxe6 Bxe6 9. Bf4 Qa5 10. 0-0 Rd8 11. h3 Nc6 12. Bd2 Qb6 13. Nd5 Bxd5 14. exd5 Nd4 15. Nxd4 cxd4 16. a3 Re8 17. Re1 Rad8 18. Bb4 Qa6 0-1

[Event "COL-ch"]
[Site "Cartagena"]
[Date "2023.06.08"]
[Round "1"]
[White "Ayazo Herrera, Luis"]
[Black "Negron Arias, Juan Carlos"]
[Result "0-1"]
[WhiteElo "1600"]
[BlackElo "1910"]
[PlyCount "72"]
[EventDate "2023.06.08"]
[EventType "swiss"]
[EventRounds "9"]
[EventCountry "COL"]
[SourceTitle "CBM 215 Extra"]
[Source "ChessBase"]
[SourceDate "2023.09.30"]
[SourceVersion "1"]
[SourceVersionDate "2023.09.30"]
[SourceQuality "1"]

1. e4 c5 2. Nc3 g6 3. f4 e6 4. Nf3 Ne7 5. Bc4 d5 6. exd5 exd5 7. Be2 Bg7 8. 0-0 Nbc6 9. Bb5 0-0 10. Ne2 a6 11. Bxc6 Nxc6 12. c3 d4 13. Ng3 Qd5 14. c4 Qxc4 15. f5 Nb4 16. b3 Qc2 17. fxg6 fxg6 18. Qe1 Bg4 19. Ne5 Rxf1+ 20. Nxf1 Re8 21. Qh4 Be2 22. Nd7 Qf5 23. Ng3 Qxd7 24. Ba3 Nc2 25. Nxe2 Rxe2 26. Rc1 Nxa3 27. Qg5 Re5 28. Qg3 Nb5 29. Rf1 Nd6 30. Rf4 Qe7 31. h3 Nf5 32. Qf3 Bh6 33. Rg4 Bxd2 34. Qd3 Re1+ 35. Kf2 Rf1+ 36. Qxf1 Qe3# 0-1

[Event "VEN-ch qual 2nd Cojedes"]
[Site "San Carlos"]
[Date "2014.08.16"]
[Round "5"]
[White "Negron Arias, Juan Carlos"]
[Black "Lopez Sanchez, Christian"]
[Result "1-0"]
[WhiteElo "2186"]
[BlackElo "1858"]
[PlyCount "103"]
[EventDate "2014.08.14"]
[EventType "swiss"]
[EventRounds "7"]
[EventCountry "VEN"]
[SourceTitle "EXT 2018"]
[Source "ChessBase"]
[SourceDate "2017.10.13"]
[SourceVersion "1"]
[SourceVersionDate "2017.10.13"]
[SourceQuality "1"]

1. d4 d5 2. Nf3 e6 3. e3 Nf6 4. Bd3 c5 5. c3 Nc6 6. 0-0 Bd6 7. Nbd2 0-0 8. e4 cxd4 9. cxd4 dxe4 10. Nxe4 Be7 11. Bb1 Nxe4 12. Bxe4 Nb4 13. Ne5 Nd5 14. Qf3 Rb8 15. Qg3 f5 16. Bxd5 Qxd5 17. Ng6 hxg6 18. Qxb8 Bd6 19. Qxa7 f4 20. f3 Kf7 21. Bd2 Rh8 22. Rac1 Qb5 23. h3 Qg5 24. Rxc8 Rxc8 25. Qxb7+ Rc7 26. Qe4 Re7 27. Re1 Qh4 28. Re2 Qg3 29. d5 Bc5+ 30. Kh1 e5 31. Be1 Qg5 32. Bb4 Bxb4 33. Qxb4 Rc7 34. d6 Rc1+ 35. Re1 Rxe1+ 36. Qxe1 Ke6 37. Qd2 Kd7 38. b4 Qf5 39. a4 g5 40. a5 Qb1+ 41. Kh2 Qa1 42. b5 g6 43. b6 Qb1 44. Qd5 Qe1 45. Qb5+ Kxd6 46. b7 Qg3+ 47. Kg1 Qe1+ 48. Qf1 Qb4 49. a6 Kc7 50. Qc1+ Kd6 51. Qa1 e4 52. a7 1-0